Musicians In Acting Roles - Statistics

General Stats
  • This quiz has been taken 69 times
  • The average score is 10 of 20
Answer Stats
Movie/TV Show Role Answer % Correct
8 mile B Rabbit Eminem
88%
Evita Eva Peron Madonna
86%
Oceans Eleven (1960) Danny Ocean Frank Sinatra
79%
The Labyrinth Jareth David Bowie
71%
Independance Day Captain Steven Hiller Will Smith
71%
White Christmas Bob Wallace Bing Crosby
69%
Boogie Nights Dirk Diggler Mark Wahlberg
66%
Blue Hawaii Chad Gates Elvis Presley
60%
Rocky Horror Picture Show Eddie Meatloaf
59%
Dogma God Alanis Morissette
57%
The Social Network Sean Parker Justin Timberlake
50%
Chicago Matron Mama Morton Queen Latifah
50%
Friday Craig Jones Ice Cube
45%
Starsky & Hutch Huggy Bear Snoop Dogg
43%
Pirates of the Caribbean: At World's End Captain Teague Keith Richards
34%
Dallas Buyers Club Rayon Jered Leto
31%
2 Fast 2 Furious Tej Chris 'Ludacris' Bridges
24%
The Sopranos Silvio Dante Steven Van Zandt
21%
Get Him To The Greek Sergio Sean "P. Diddy" Combs
14%
Back To The Future Part II Needles (Biff's crony) Flea
9%
No matching quizzes found
Score Distribution
Percent of People with Each Score
Percentile by Number Answered
Your Score History
You have not taken this quiz